=LDR 00000nam 2200000 4500 =001 INLIS000000000027177 =005 20130612125555 =008 ***********************************Ind** =035 ##$$0010-061300000027177 =041 ##$$a Ind =082 ##$$a 398.8 =090 ##$$a 398.8, Yat s =100 ##$$a Yatmana, Budi =245 ##$$a 1001 mutiara budi pekerti, Sudi Yatmana ; penyunting, Nurul Falah =260 ##$$a 2004 $b Bandung =300 ##$$a 115 hlm, 18 cm =650 ##$$a Pepatah =850 ##$$a NBPNMAT